000 00868cam a2200325 4500
001 X121249
008 030205n2003 000 0 eng u
035 _a(Sirsi) u121249
245 _aDeals of the year
260 _c2003
490 _aProperty Week
_v67(49) 20 December 2002, 39-42(4)
520 _a"Property Week" selects the top deals of 2002 by region and sector. A brief summary of each deal is given.
590 _aABS
650 _aDEALS
650 _aOUTSOURCING
650 _aLEISURE
650 _aINDUSTRIAL
650 _aRETAIL
650 _aWALES
650 _aSCOTLAND
650 _aMIDLANDS
650 _aNORTHERN ENGLAND
650 _aSOUTHERN ENGLAND
650 _aEIRE
650 _aNORTHERN IRELAND
650 _aWEST END OF LONDON
650 _aCITY OF LONDON
690 _aPROPERTY-COMMERCIAL PROPERTY
942 _n0
999 _c72060
_d72060